| 000 | 00602nam a2200181Ia 4500 | ||
|---|---|---|---|
| 999 |
_c17658 _d45656 |
||
| 005 | 20200123105516.0 | ||
| 020 | _a9961-79-207-6 | ||
| 037 | _aBC_662 38 | ||
| 040 |
_aBC-ENSA _bfre |
||
| 041 | _afre | ||
| 110 |
_aOffice national des statistiques _954818 |
||
| 245 | _aL'Algérie en quelques chiffres | ||
| 260 |
_aAlger _bONS _c2003 |
||
| 300 |
_a76 p. _bcouv. ill. en coul., graph., tabl. _c21cm |
||
| 562 | _e01 exemplaire(s) | ||
| 942 | _c09 | ||
| 653 | _aDONNEE STATISTIQUE/ALGERIE/HABITAT/SANTE PUBLIQUE/INDUSTRIE/EMPLOI/ENSEIGNEMENT/AGRICULTURE/TRANSPORT/COMMERCE EXTERIEUR/COMPTABILITE NATIONALE | ||